000 02133nam0a2200397 4500
001 RU\NLR\bibl\1956535
005 20260408091938.0
010 _a978-5-91628-100-2
_980
021 _aRU
_b2012-72243
_95333
035 _a(nilc)RSL-KNO-005499845
035 _a(NLR Aleph) 001945613
090 _a3625220
_c3625220
100 _a20120926d2012 |||y0rusy50 ca
101 0 _arus
102 _aRU
105 _aa |||||||||
200 1 _aОбразование элитного качества: инновационные подходы к развитию современного урока
_e[материалы I региональной научно-практической конференции, г. Ставрополь, 24 апреля 2012 г.
_fнауч. ред.: С.В. Степанов, к.п.н., доц.]
210 _aСтаврополь
_cСПКУ
_d2012
215 _a182 с.
_cил.
_d21
300 _aВ надзаг.: М-во обороны Рос. Федерации, Деп. образования, Ставропол. президент. кадет. уч-ще
320 _aБиблиогр. в конце ст.
606 1 _aУроки в школе
_jСъезды, совещания и т.п.
_xМетодика
_91219121
_3RU\NLR\AUTH\66495812
606 1 _aСреднее образование
_jСъезды, совещания и т.п.
_xИнновации
_92484031
_3RU\NLR\AUTH\661474377
686 _aЧ421,6(2)260я431(2)
_2rubbk
686 _aЧ421,6(2)3я431(2)
_2rubbk
686 1 _aЧ421.260я431
702 1 _4340
_8rus
_7ca
_aСтепанов
_bС. В.
_cканд. пед. наук, управление образованием
_gСергей Владимирович
_3RU\NLR\AUTH\7727360
_910394
712 0 2 _4570
_aСтавропольское президентское кадетское училище
_3RU\NLR\AUTH\8810231167
_9347300
801 0 _aRU
_bRuMoRKP
_c20120926
_grcr
801 1 _aRU
_bРГБ
_c20120926
801 2 _aRU
_bNLR
_c20121016
_grcr
942 _cBOOK
980 _aNBR
980 _aNB